| 000 | 00382nam a2200145Ia 4500 | ||
|---|---|---|---|
| 008 | 130318s9999 xx 000 0 und d | ||
| 020 | _a9788132102434 | ||
| 082 | _a658.4034 YOU/E | ||
| 100 | _aYoung, Scott T | ||
| 245 | _aEssentials of operations management | ||
| 260 |
_bSage _aNew Delhi _c2009 |
||
| 300 | _a374 | ||
| 650 | _aBUSINESS MANAGEMENT | ||
| 650 | _aOPERATIONS MANAGEMENT | ||
| 999 |
_c2189 _d2189 |
||